000 00845nam a2200241 i 4500
001 183198
003 ES-MaACL
005 20250824204724.0
008 140129s1986 sp |||| | spa d
020 _a84-02-10671-4
080 _a821.133.1-31"18"
100 1 _aHuysmans, Joris-Karl,
_d1848-1907
_964869
245 1 0 _aAllá lejos /
_cJoris-Karl Huysmans ; [traducción, Germán Gómez de la Mata ; prólogo de Luis Antonio de Villena].
250 _a[1ª ed.].
260 _aBarcelona :
_bBruguera,
_c1986.
300 _a375 p. ;
_c18 cm.
490 1 _aLibro amigo ;
_v1112
700 0 _aGómez de la Mata, Germán.
_957896
700 1 _aVillena, Luis Antonio de,
_d1951-
_9240059
830 0 0 _aLibro amigo (Bruguera)
_v1112
_9220624
852 _aES-MaACL
_jL-30008
_z.- Donat. Miguel A. Velasco
999 _c183198
_d183198